Fast Typing Backwards from One Hundred - Statistics

General Stats
  • This quiz has been taken 10 times
  • The average score is 79 of 100
Answer Stats
Answer % Correct
100
100%
46
100%
47
100%
48
100%
49
100%
50
100%
51
100%
52
100%
53
100%
54
100%
55
100%
56
100%
57
100%
58
100%
59
100%
60
100%
61
100%
62
100%
63
100%
64
100%
65
100%
66
100%
67
100%
68
100%
69
100%
70
100%
71
100%
72
100%
73
100%
74
100%
75
100%
76
100%
77
100%
78
100%
79
100%
80
100%
81
100%
82
100%
83
100%
84
100%
85
100%
86
100%
87
100%
88
100%
89
100%
90
100%
91
100%
92
100%
93
100%
94
100%
95
100%
96
100%
97
100%
98
100%
99
100%
38
80%
39
80%
40
80%
41
80%
42
80%
43
80%
44
80%
45
80%
23
60%
24
60%
25
60%
26
60%
27
60%
28
60%
29
60%
30
60%
31
60%
32
60%
33
60%
34
60%
35
60%
36
60%
37
60%
1
40%
10
40%
11
40%
12
40%
13
40%
14
40%
15
40%
16
40%
17
40%
18
40%
19
40%
2
40%
20
40%
21
40%
22
40%
3
40%
4
40%
5
40%
6
40%
7
40%
8
40%
9
40%
No matching quizzes found
Score Distribution
Percent of People with Each Score
Percentile by Number Answered
Your Score History
You have not taken this quiz